[Event "April 9 Late 2024"]
[Site "Chess.com"]
[Date "2024.04.09"]
[Round "2"]
[White "Dudin, Gleb"]
[Black "Ruperez Benito, Antonio"]
[Result "1-0"]
[Board "51"]
[WhiteFideId "34184934"]
[BlackFideId "22245049"]
[WhiteTitle "GM"]
[BlackTitle "FM"]
[WhiteElo "2858"]
[BlackElo "2567"]
[WhiteTeam "HUN"]
[BlackTeam "ESP"]
[WhiteClock "0:00:03"]
[BlackClock "0:00:07"]
[Variant "Standard"]

1. c4 {[%clk 0:02:58]}  e6 {[%clk 0:03:00]} 2. Nf3 {[%clk 0:02:53]}  d5 {[%clk 0:03:01]} 3. g3 {[%clk 0:02:50]}  Nf6 {[%clk 0:03:01]} 4. Bg2 {[%clk 0:02:50]}  Be7 {[%clk 0:03:01]} 5. O-O {[%clk 0:02:49]}  O-O {[%clk 0:02:59]} 6. cxd5 {[%clk 0:02:43]}  exd5 {[%clk 0:02:58]} 7. d4 {[%clk 0:02:42]}  c6 {[%clk 0:02:58]} 8. Nc3 {[%clk 0:02:40]}  Bf5 {[%clk 0:02:58]} 9. Bf4 {[%clk 0:02:37]}  Nbd7 {[%clk 0:02:58]} 10. Nh4 {[%clk 0:02:31]}  Be6 {[%clk 0:02:58]} 11. Qc2 {[%clk 0:02:26]}  Nh5 {[%clk 0:02:53]} 12. Nf5 {[%clk 0:02:25]}  Nxf4 {[%clk 0:02:44]} 13. gxf4 {[%clk 0:02:26]}  Nf6 {[%clk 0:02:42]} 14. e3 {[%clk 0:02:17]}  Re8 {[%clk 0:02:33]} 15. Kh1 {[%clk 0:02:07]}  Bf8 {[%clk 0:02:23]} 16. Bf3 {[%clk 0:01:50]}  Qd7 {[%clk 0:02:20]} 17. Ng3 {[%clk 0:01:49]}  Bg4 {[%clk 0:02:17]} 18. Qd1 {[%clk 0:01:47]}  Bb4 {[%clk 0:02:14]} 19. Rg1 {[%clk 0:01:43]}  Bxc3 {[%clk 0:02:10]} 20. bxc3 {[%clk 0:01:42]}  b5 {[%clk 0:01:49]} 21. Bxg4 {[%clk 0:01:33]}  Qxg4 {[%clk 0:01:49]} 22. Qxg4 {[%clk 0:01:17]}  Nxg4 {[%clk 0:01:49]} 23. Kg2 {[%clk 0:01:17]}  Kf8 {[%clk 0:01:21]} 24. h3 {[%clk 0:01:16]}  Nf6 {[%clk 0:01:21]} 25. Kf3 {[%clk 0:01:16]}  h5 {[%clk 0:01:11]} 26. Ke2 {[%clk 0:01:03]}  Rab8 {[%clk 0:00:59]} 27. Rab1 {[%clk 0:00:52]}  a5 {[%clk 0:00:56]} 28. Kd3 {[%clk 0:00:41]}  g6 {[%clk 0:00:40]} 29. f3 {[%clk 0:00:33]}  Rb7 {[%clk 0:00:27]} 30. Rge1 {[%clk 0:00:26]}  Rbe7 {[%clk 0:00:16]} 31. h4 {[%clk 0:00:26]}  Ra8 {[%clk 0:00:14]} 32. e4 {[%clk 0:00:20]}  Rae8 {[%clk 0:00:14]} 33. e5 {[%clk 0:00:19]}  Nd7 {[%clk 0:00:14]} 34. f5 {[%clk 0:00:19]}  Nb6 {[%clk 0:00:14]} 35. f4 {[%clk 0:00:15]}  Nc4 {[%clk 0:00:14]} 36. f6 {[%clk 0:00:15]}  Rb7 {[%clk 0:00:13]} 37. f5 {[%clk 0:00:14]}  b4 {[%clk 0:00:13]} 38. Ne2 {[%clk 0:00:09]}  gxf5 {[%clk 0:00:11]} 39. Ng3 {[%clk 0:00:08]}  Reb8 {[%clk 0:00:09]} 40. Nxf5 {[%clk 0:00:06]}  bxc3 {[%clk 0:00:08]} 41. Rxb7 {[%clk 0:00:06]}  Rxb7 {[%clk 0:00:09]} 42. Kxc3 {[%clk 0:00:06]}  Rb2 {[%clk 0:00:10]} 43. Rg1 {[%clk 0:00:05]}  Rf2 {[%clk 0:00:08]} 44. Nh6 {[%clk 0:00:04]}  Ke8 {[%clk 0:00:09]} 45. Rg8+ {[%clk 0:00:03]}  Kd7 {[%clk 0:00:09]} 46. Nxf7 {[%clk 0:00:04]}  Rf3+ {[%clk 0:00:10]} 47. Kc2 {[%clk 0:00:04]}  Rf2+ {[%clk 0:00:10]} 48. Kd1 {[%clk 0:00:03]}  Nb2+ {[%clk 0:00:10]} 49. Kc1 {[%clk 0:00:02]}  Nd3+ {[%clk 0:00:11]} 50. Kd1 {[%clk 0:00:02]}  Nb2+ {[%clk 0:00:11]} 51. Kc1 {[%clk 0:00:02]}  Nd3+ {[%clk 0:00:11]} 52. Kb1 {[%clk 0:00:03]}  Rb2+ {[%clk 0:00:11]} 53. Ka1 {[%clk 0:00:03]}  Rc2 {[%clk 0:00:09]} 54. Rg1 {[%clk 0:00:03]}  Nb4 {[%clk 0:00:08]} 55. Ng5 {[%clk 0:00:03]}  Rxa2+ {[%clk 0:00:08]} 56. Kb1 {[%clk 0:00:04]}  Rf2 {[%clk 0:00:08]} 57. e6+ {[%clk 0:00:04]}  Kd6 {[%clk 0:00:08]} 58. e7 {[%clk 0:00:04]}  Na2 {[%clk 0:00:08]} 59. e8=Q {[%clk 0:00:03]}  Nc3+ {[%clk 0:00:07]} 60. Kc1 {[%clk 0:00:03]} 1-0

[Event "April 9 Late 2024"]
[Site "Chess.com"]
[Date "2024.04.09"]
[Round "2"]
[White "Kunin, Vitaly"]
[Black "Yanchenko, Roman"]
[Result "1-0"]
[Board "52"]
[WhiteFideId "4128737"]
[BlackFideId "4137329"]
[WhiteTitle "GM"]
[BlackTitle "FM"]
[WhiteElo "2566"]
[BlackElo "2857"]
[WhiteTeam "GER"]
[BlackTeam "RUS"]
[WhiteClock "0:01:14"]
[BlackClock "0:01:00"]
[Variant "Standard"]

1. e4 {[%clk 0:03:00]}  e6 {[%clk 0:02:59]} 2. d4 {[%clk 0:03:00]}  d5 {[%clk 0:03:00]} 3. exd5 {[%clk 0:03:01]}  exd5 {[%clk 0:03:00]} 4. Nf3 {[%clk 0:03:01]}  Nf6 {[%clk 0:03:01]} 5. Bd3 {[%clk 0:03:01]}  c5 {[%clk 0:03:00]} 6. dxc5 {[%clk 0:03:00]}  Bxc5 {[%clk 0:03:01]} 7. O-O {[%clk 0:02:58]}  O-O {[%clk 0:03:02]} 8. h3 {[%clk 0:02:57]}  h6 {[%clk 0:03:01]} 9. Nc3 {[%clk 0:02:57]}  a6 {[%clk 0:03:01]} 10. Bf4 {[%clk 0:02:54]}  Nc6 {[%clk 0:03:01]} 11. a3 {[%clk 0:02:53]}  Re8 {[%clk 0:03:01]} 12. Re1 {[%clk 0:02:52]}  Rxe1+ {[%clk 0:02:58]} 13. Qxe1 {[%clk 0:02:51]}  Be6 {[%clk 0:02:59]} 14. Qd2 {[%clk 0:02:50]}  b5 {[%clk 0:02:42]} 15. Re1 {[%clk 0:02:47]}  b4 {[%clk 0:02:26]} 16. axb4 {[%clk 0:02:33]}  Bxb4 {[%clk 0:02:26]} 17. Ne5 {[%clk 0:02:15]}  Nxe5 {[%clk 0:01:46]} 18. Bxe5 {[%clk 0:02:14]}  a5 {[%clk 0:01:45]} 19. Qf4 {[%clk 0:02:04]}  Rc8 {[%clk 0:01:29]} 20. Re3 {[%clk 0:02:02]}  Nh5 {[%clk 0:01:12]} 21. Qf3 {[%clk 0:01:51]}  d4 {[%clk 0:01:11]} 22. Bxd4 {[%clk 0:01:27]}  Qxd4 {[%clk 0:01:10]} 23. Qxh5 {[%clk 0:01:27]}  Rc5 {[%clk 0:01:10]} 24. Qf3 {[%clk 0:01:24]}  Bxc3 {[%clk 0:01:03]} 25. Qa8+ {[%clk 0:01:14]}  Rc8 {[%clk 0:01:02]} 26. Qxc8+ {[%clk 0:01:14]}  Bxc8 {[%clk 0:01:00]} 27. Re8# {[%clk 0:01:14]} 1-0

[Event "April 9 Late 2024"]
[Site "Chess.com"]
[Date "2024.04.09"]
[Round "2"]
[White "Schmakel, Sam"]
[Black "Pham, Le Thao Nguyen"]
[Result "1-0"]
[Board "53"]
[WhiteFideId "2039311"]
[BlackFideId "12401226"]
[WhiteTitle "IM"]
[BlackTitle "IM"]
[WhiteElo "2837"]
[BlackElo "2565"]
[WhiteTeam "USA"]
[BlackTeam "VIE"]
[WhiteClock "0:00:17"]
[BlackClock "0:00:04"]
[Variant "Standard"]

1. d4 {[%clk 0:02:50]}  d5 {[%clk 0:02:57]} 2. c4 {[%clk 0:02:48]}  c6 {[%clk 0:02:57]} 3. Nf3 {[%clk 0:02:46]}  Nf6 {[%clk 0:02:57]} 4. g3 {[%clk 0:02:47]}  Bf5 {[%clk 0:02:56]} 5. Bg2 {[%clk 0:02:47]}  e6 {[%clk 0:02:57]} 6. Nc3 {[%clk 0:02:45]}  h6 {[%clk 0:02:56]} 7. O-O {[%clk 0:02:42]}  Nbd7 {[%clk 0:02:35]} 8. b3 {[%clk 0:02:19]}  Bb4 {[%clk 0:02:17]} 9. Bb2 {[%clk 0:02:17]}  Qa5 {[%clk 0:02:18]} 10. Qc1 {[%clk 0:02:15]}  O-O {[%clk 0:02:04]} 11. a3 {[%clk 0:02:14]}  Be7 {[%clk 0:02:04]} 12. b4 {[%clk 0:02:02]}  Qd8 {[%clk 0:02:05]} 13. c5 {[%clk 0:02:02]}  Ne4 {[%clk 0:02:01]} 14. a4 {[%clk 0:01:59]}  Re8 {[%clk 0:01:54]} 15. b5 {[%clk 0:01:51]}  Bf6 {[%clk 0:01:45]} 16. Nxe4 {[%clk 0:01:41]}  Bxe4 {[%clk 0:01:44]} 17. Rd1 {[%clk 0:01:24]}  Qc7 {[%clk 0:01:19]} 18. e3 {[%clk 0:01:12]}  Bg6 {[%clk 0:00:56]} 19. Bc3 {[%clk 0:01:00]}  e5 {[%clk 0:00:46]} 20. Qb2 {[%clk 0:00:49]}  e4 {[%clk 0:00:37]} 21. Nd2 {[%clk 0:00:49]}  Nf8 {[%clk 0:00:23]} 22. Rdb1 {[%clk 0:00:44]}  Ne6 {[%clk 0:00:20]} 23. bxc6 {[%clk 0:00:40]}  bxc6 {[%clk 0:00:20]} 24. Qb7 {[%clk 0:00:41]}  Rec8 {[%clk 0:00:20]} 25. Qxc7 {[%clk 0:00:39]}  Rxc7 {[%clk 0:00:21]} 26. h4 {[%clk 0:00:31]}  Bf5 {[%clk 0:00:21]} 27. Bf1 {[%clk 0:00:31]}  Bg4 {[%clk 0:00:20]} 28. Ba6 {[%clk 0:00:27]}  g5 {[%clk 0:00:20]} 29. hxg5 {[%clk 0:00:27]}  hxg5 {[%clk 0:00:20]} 30. Rb7 {[%clk 0:00:26]}  Rac8 {[%clk 0:00:20]} 31. Rab1 {[%clk 0:00:25]}  Kg7 {[%clk 0:00:20]} 32. Ba5 {[%clk 0:00:22]}  Rxb7 {[%clk 0:00:18]} 33. Bxb7 {[%clk 0:00:23]}  Rb8 {[%clk 0:00:18]} 34. Bxc6 {[%clk 0:00:23]}  Rxb1+ {[%clk 0:00:17]} 35. Nxb1 {[%clk 0:00:24]}  Bf3 {[%clk 0:00:13]} 36. Bxd5 {[%clk 0:00:21]}  Nxd4 {[%clk 0:00:10]} 37. exd4 {[%clk 0:00:19]}  Bxd4 {[%clk 0:00:11]} 38. Nd2 {[%clk 0:00:17]}  Bxc5 {[%clk 0:00:05]} 39. Nxf3 {[%clk 0:00:16]}  exf3 {[%clk 0:00:06]} 40. Bxf3 {[%clk 0:00:16]}  Kf6 {[%clk 0:00:07]} 41. Bd5 {[%clk 0:00:15]}  Ke7 {[%clk 0:00:06]} 42. Kf1 {[%clk 0:00:14]}  f6 {[%clk 0:00:05]} 43. Ke2 {[%clk 0:00:14]}  Kd6 {[%clk 0:00:05]} 44. Bc4 {[%clk 0:00:15]}  Bd4 {[%clk 0:00:04]} 45. Bb4+ {[%clk 0:00:16]}  Ke5 {[%clk 0:00:04]} 46. f3 {[%clk 0:00:15]}  f5 {[%clk 0:00:03]} 47. Bd2 {[%clk 0:00:15]}  f4 {[%clk 0:00:04]} 48. gxf4+ {[%clk 0:00:16]}  gxf4 {[%clk 0:00:05]} 49. Kd3 {[%clk 0:00:17]}  Bc5 {[%clk 0:00:04]} 50. Bc3+ {[%clk 0:00:17]}  Kf5 {[%clk 0:00:04]} 51. Bd4 {[%clk 0:00:17]} 1-0

[Event "April 9 Late 2024"]
[Site "Chess.com"]
[Date "2024.04.09"]
[Round "2"]
[White "Liang, Justin"]
[Black "Kadric, Denis"]
[Result "0-1"]
[Board "54"]
[WhiteFideId "2099942"]
[BlackFideId "14403803"]
[BlackTitle "GM"]
[WhiteElo "2564"]
[BlackElo "2834"]
[WhiteTeam "USA"]
[BlackTeam "MNE"]
[WhiteClock "0:00:00"]
[BlackClock "0:00:11"]
[Variant "Standard"]

1. Nf3 {[%clk 0:02:59]}  d6 {[%clk 0:03:00]} 2. d3 {[%clk 0:02:58]}  g6 {[%clk 0:03:00]} 3. g3 {[%clk 0:02:59]}  Bg7 {[%clk 0:03:00]} 4. Bg2 {[%clk 0:02:59]}  c5 {[%clk 0:02:59]} 5. O-O {[%clk 0:03:00]}  Nc6 {[%clk 0:03:00]} 6. e4 {[%clk 0:03:00]}  e5 {[%clk 0:02:58]} 7. c3 {[%clk 0:03:00]}  Nge7 {[%clk 0:02:59]} 8. Na3 {[%clk 0:02:49]}  O-O {[%clk 0:02:58]} 9. Nc2 {[%clk 0:02:48]}  f5 {[%clk 0:02:59]} 10. Re1 {[%clk 0:02:46]}  h6 {[%clk 0:02:53]} 11. a3 {[%clk 0:02:29]}  a5 {[%clk 0:02:51]} 12. h3 {[%clk 0:02:19]}  a4 {[%clk 0:02:42]} 13. Ne3 {[%clk 0:02:10]}  f4 {[%clk 0:02:38]} 14. Nd5 {[%clk 0:02:09]}  g5 {[%clk 0:02:33]} 15. Nh2 {[%clk 0:01:58]}  b5 {[%clk 0:02:16]} 16. b4 {[%clk 0:01:38]}  cxb4 {[%clk 0:01:45]} 17. axb4 {[%clk 0:01:33]}  Be6 {[%clk 0:01:44]} 18. Bd2 {[%clk 0:01:15]}  Rb8 {[%clk 0:01:37]} 19. c4 {[%clk 0:00:34]}  Nd4 {[%clk 0:01:15]} 20. cxb5 {[%clk 0:00:23]}  Rxb5 {[%clk 0:01:07]} 21. Qxa4 {[%clk 0:00:20]}  Nxd5 {[%clk 0:00:51]} 22. exd5 {[%clk 0:00:19]}  Bd7 {[%clk 0:00:52]} 23. Qd1 {[%clk 0:00:17]}  Bf5 {[%clk 0:00:44]} 24. Bc3 {[%clk 0:00:16]}  Qb6 {[%clk 0:00:41]} 25. g4 {[%clk 0:00:13]}  Bd7 {[%clk 0:00:39]} 26. Be4 {[%clk 0:00:13]}  Rc8 {[%clk 0:00:39]} 27. Ra3 {[%clk 0:00:12]}  Qb7 {[%clk 0:00:19]} 28. Nf3 {[%clk 0:00:11]}  Rb6 {[%clk 0:00:15]} 29. Nxd4 {[%clk 0:00:10]}  exd4 {[%clk 0:00:16]} 30. Bd2 {[%clk 0:00:10]}  Be5 {[%clk 0:00:14]} 31. Qf3 {[%clk 0:00:09]}  Qb8 {[%clk 0:00:12]} 32. Rea1 {[%clk 0:00:09]}  Kg7 {[%clk 0:00:10]} 33. Ra7 {[%clk 0:00:08]}  Rb7 {[%clk 0:00:10]} 34. R7a6 {[%clk 0:00:07]}  Rc2 {[%clk 0:00:10]} 35. Be1 {[%clk 0:00:06]}  Rbc7 {[%clk 0:00:10]} 36. Ra8 {[%clk 0:00:06]}  Qb7 {[%clk 0:00:10]} 37. Bf5 {[%clk 0:00:06]}  Rc1 {[%clk 0:00:08]} 38. Qe4 {[%clk 0:00:05]}  Rxa1 {[%clk 0:00:06]} 39. Rxa1 {[%clk 0:00:06]}  Be8 {[%clk 0:00:06]} 40. Be6 {[%clk 0:00:05]}  Bg6 {[%clk 0:00:07]} 41. Bf5 {[%clk 0:00:06]}  Bf7 {[%clk 0:00:07]} 42. Be6 {[%clk 0:00:06]}  Bxe6 {[%clk 0:00:08]} 43. dxe6 {[%clk 0:00:07]}  Qxe4 {[%clk 0:00:09]} 44. dxe4 {[%clk 0:00:08]}  Kf6 {[%clk 0:00:09]} 45. b5 {[%clk 0:00:07]}  Rb7 {[%clk 0:00:09]} 46. Rb1 {[%clk 0:00:05]}  Kxe6 {[%clk 0:00:10]} 47. Ba5 {[%clk 0:00:06]}  d5 {[%clk 0:00:10]} 48. exd5+ {[%clk 0:00:05]}  Kxd5 {[%clk 0:00:11]} 49. b6 {[%clk 0:00:06]}  d3 {[%clk 0:00:11]} 50. Kf1 {[%clk 0:00:06]}  Bd4 {[%clk 0:00:11]} 51. Ke1 {[%clk 0:00:05]}  Kc4 {[%clk 0:00:11]} 52. Kd2 {[%clk 0:00:06]}  Bxf2 {[%clk 0:00:12]} 53. Rc1+ {[%clk 0:00:06]}  Kd4 {[%clk 0:00:12]} 54. Bc3+ {[%clk 0:00:06]}  Ke4 {[%clk 0:00:13]} 55. Rb1 {[%clk 0:00:06]}  Be3+ {[%clk 0:00:12]} 56. Kd1 {[%clk 0:00:06]}  Rxb6 {[%clk 0:00:13]} 57. Rxb6 {[%clk 0:00:06]}  Bxb6 {[%clk 0:00:14]} 58. Bg7 {[%clk 0:00:06]}  f3 {[%clk 0:00:12]} 59. Ke1 {[%clk 0:00:05]}  f2+ {[%clk 0:00:10]} 60. Kf1 {[%clk 0:00:00]}  d2 {[%clk 0:00:11]} 0-1

[Event "April 9 Late 2024"]
[Site "Chess.com"]
[Date "2024.04.09"]
[Round "2"]
[White "Christiansen, Johan-Sebastian"]
[Black "Avila Bautista, Roberto Al"]
[Result "1-0"]
[Board "57"]
[WhiteFideId "1512668"]
[BlackFideId "5119987"]
[WhiteTitle "GM"]
[BlackTitle "CM"]
[WhiteElo "2825"]
[BlackElo "2557"]
[WhiteTeam "NOR"]
[BlackTeam "MEX"]
[WhiteClock "0:01:42"]
[BlackClock "0:00:04"]
[Variant "Standard"]

1. e4 {[%clk 0:03:00]}  c5 {[%clk 0:02:56]} 2. Nf3 {[%clk 0:03:00]}  g6 {[%clk 0:02:56]} 3. c3 {[%clk 0:02:59]}  d5 {[%clk 0:02:55]} 4. exd5 {[%clk 0:02:58]}  Qxd5 {[%clk 0:02:52]} 5. d4 {[%clk 0:02:58]}  Bg7 {[%clk 0:02:51]} 6. Nbd2 {[%clk 0:02:59]}  cxd4 {[%clk 0:02:51]} 7. Bc4 {[%clk 0:02:58]}  Qd8 {[%clk 0:02:49]} 8. Nxd4 {[%clk 0:02:58]}  Nf6 {[%clk 0:02:49]} 9. O-O {[%clk 0:02:58]}  O-O {[%clk 0:02:49]} 10. N2f3 {[%clk 0:02:58]}  Nbd7 {[%clk 0:02:42]} 11. Re1 {[%clk 0:02:58]}  Nb6 {[%clk 0:02:41]} 12. Bb3 {[%clk 0:02:58]}  Bg4 {[%clk 0:02:38]} 13. h3 {[%clk 0:02:58]}  Bd7 {[%clk 0:02:31]} 14. Ne5 {[%clk 0:02:57]}  Rc8 {[%clk 0:02:15]} 15. Qf3 {[%clk 0:02:56]}  Ba4 {[%clk 0:01:51]} 16. Qxb7 {[%clk 0:02:50]}  Rc7 {[%clk 0:01:43]} 17. Qf3 {[%clk 0:02:46]}  Bd7 {[%clk 0:01:23]} 18. Bf4 {[%clk 0:02:38]}  Rc8 {[%clk 0:01:20]} 19. Rad1 {[%clk 0:02:38]}  Qe8 {[%clk 0:01:07]} 20. Nxd7 {[%clk 0:02:27]}  Nfxd7 {[%clk 0:01:08]} 21. Nc6 {[%clk 0:02:17]}  e5 {[%clk 0:01:06]} 22. Bg3 {[%clk 0:02:16]}  a5 {[%clk 0:00:54]} 23. Bh4 {[%clk 0:01:55]}  Kh8 {[%clk 0:00:17]} 24. Be7 {[%clk 0:01:48]}  Rg8 {[%clk 0:00:15]} 25. Bxf7 {[%clk 0:01:47]}  e4 {[%clk 0:00:09]} 26. Rxe4 {[%clk 0:01:44]}  Ne5 {[%clk 0:00:07]} 27. Nxe5 {[%clk 0:01:42]}  Qxe7 {[%clk 0:00:04]} 28. Nxg6+ {[%clk 0:01:42]} 1-0

[Event "April 9 Late 2024"]
[Site "Chess.com"]
[Date "2024.04.09"]
[Round "2"]
[White "Shuvalova, Polina"]
[Black "Ozates, Tuna"]
[Result "1/2-1/2"]
[Board "59"]
[WhiteFideId "24171760"]
[BlackFideId "6354521"]
[WhiteTitle "IM"]
[BlackTitle "FM"]
[WhiteElo "2811"]
[BlackElo "2556"]
[WhiteTeam "FID"]
[BlackTeam "TUR"]
[WhiteClock "0:00:24"]
[BlackClock "0:00:21"]
[Variant "Standard"]

1. e4 {[%clk 0:03:00]}  c5 {[%clk 0:02:59]} 2. Nf3 {[%clk 0:03:00]}  Nc6 {[%clk 0:02:59]} 3. Bb5 {[%clk 0:02:59]}  e6 {[%clk 0:02:59]} 4. O-O {[%clk 0:02:57]}  Nge7 {[%clk 0:02:57]} 5. Re1 {[%clk 0:02:56]}  a6 {[%clk 0:02:52]} 6. Bf1 {[%clk 0:02:52]}  d5 {[%clk 0:02:49]} 7. exd5 {[%clk 0:02:51]}  Nxd5 {[%clk 0:02:50]} 8. d4 {[%clk 0:02:49]}  cxd4 {[%clk 0:02:50]} 9. Nxd4 {[%clk 0:02:48]}  Be7 {[%clk 0:02:43]} 10. Nxc6 {[%clk 0:02:48]}  bxc6 {[%clk 0:02:44]} 11. c4 {[%clk 0:02:48]}  Nf6 {[%clk 0:02:42]} 12. Nc3 {[%clk 0:02:43]}  O-O {[%clk 0:02:42]} 13. Be3 {[%clk 0:02:42]}  e5 {[%clk 0:02:39]} 14. Qc2 {[%clk 0:02:32]}  Be6 {[%clk 0:02:36]} 15. Rad1 {[%clk 0:02:29]}  Qc8 {[%clk 0:02:35]} 16. h3 {[%clk 0:02:28]}  h6 {[%clk 0:02:29]} 17. Na4 {[%clk 0:02:26]}  Rb8 {[%clk 0:02:21]} 18. b3 {[%clk 0:02:25]}  Bb4 {[%clk 0:02:15]} 19. Re2 {[%clk 0:02:24]}  Bf5 {[%clk 0:02:12]} 20. Qc1 {[%clk 0:02:21]}  Re8 {[%clk 0:02:09]} 21. Bc5 {[%clk 0:02:11]}  Ba5 {[%clk 0:02:02]} 22. Bd6 {[%clk 0:02:08]}  Bc7 {[%clk 0:02:01]} 23. Nc5 {[%clk 0:01:45]}  Bxd6 {[%clk 0:01:46]} 24. Rxd6 {[%clk 0:01:46]}  Bg6 {[%clk 0:01:43]} 25. Qc3 {[%clk 0:01:25]}  Qf5 {[%clk 0:01:22]} 26. Re3 {[%clk 0:01:18]}  e4 {[%clk 0:01:18]} 27. Nxa6 {[%clk 0:01:14]}  Ra8 {[%clk 0:01:14]} 28. Nc7 {[%clk 0:01:13]}  Rxa2 {[%clk 0:01:14]} 29. Re2 {[%clk 0:01:09]}  Rxe2 {[%clk 0:01:07]} 30. Bxe2 {[%clk 0:01:09]}  e3 {[%clk 0:01:00]} 31. Nxe8 {[%clk 0:00:55]}  Qxf2+ {[%clk 0:00:47]} 32. Kh1 {[%clk 0:00:55]}  Be4 {[%clk 0:00:33]} 33. Nxf6+ {[%clk 0:00:52]}  gxf6 {[%clk 0:00:32]} 34. Bf3 {[%clk 0:00:26]}  Bxf3 {[%clk 0:00:27]} 35. gxf3 {[%clk 0:00:24]}  e2 {[%clk 0:00:20]} 36. Rd8+ {[%clk 0:00:21]}  Kg7 {[%clk 0:00:20]} 37. Re8 {[%clk 0:00:22]}  Qf1+ {[%clk 0:00:19]} 38. Kh2 {[%clk 0:00:22]}  Qf2+ {[%clk 0:00:20]} 39. Kh1 {[%clk 0:00:22]}  Qf1+ {[%clk 0:00:20]} 40. Kh2 {[%clk 0:00:23]}  Qf2+ {[%clk 0:00:21]} 41. Kh1 {[%clk 0:00:24]} 1/2-1/2

[Event "April 9 Late 2024"]
[Site "Chess.com"]
[Date "2024.04.09"]
[Round "2"]
[White "Badacsonyi, Stanley"]
[Black "Wagner, Dennis"]
[Result "1-0"]
[Board "64"]
[WhiteFideId "486973"]
[BlackFideId "24650684"]
[WhiteTitle "CM"]
[BlackTitle "GM"]
[WhiteElo "2551"]
[BlackElo "2791"]
[WhiteTeam "ENG"]
[BlackTeam "GER"]
[WhiteClock "0:00:32"]
[BlackClock "0:00:01"]
[Variant "Standard"]

1. d4 {[%clk 0:03:00]}  Nf6 {[%clk 0:02:57]} 2. Nc3 {[%clk 0:03:01]}  e6 {[%clk 0:02:53]} 3. e4 {[%clk 0:02:58]}  d5 {[%clk 0:02:52]} 4. Bg5 {[%clk 0:02:57]}  dxe4 {[%clk 0:02:48]} 5. Nxe4 {[%clk 0:02:48]}  Be7 {[%clk 0:02:46]} 6. Bxf6 {[%clk 0:02:45]}  Bxf6 {[%clk 0:02:46]} 7. Nf3 {[%clk 0:02:41]}  O-O {[%clk 0:02:38]} 8. c3 {[%clk 0:02:39]}  b6 {[%clk 0:02:33]} 9. Bd3 {[%clk 0:02:39]}  Bb7 {[%clk 0:02:32]} 10. Qe2 {[%clk 0:02:39]}  Nd7 {[%clk 0:02:30]} 11. O-O-O {[%clk 0:02:26]}  Re8 {[%clk 0:02:16]} 12. Kb1 {[%clk 0:02:25]}  Qe7 {[%clk 0:02:09]} 13. Qc2 {[%clk 0:02:21]}  h6 {[%clk 0:02:02]} 14. Rhe1 {[%clk 0:02:19]}  c5 {[%clk 0:02:01]} 15. Bb5 {[%clk 0:02:14]}  Red8 {[%clk 0:01:39]} 16. Bxd7 {[%clk 0:02:08]}  Rxd7 {[%clk 0:01:39]} 17. Nxf6+ {[%clk 0:02:08]}  Qxf6 {[%clk 0:01:36]} 18. dxc5 {[%clk 0:02:08]}  Rxd1+ {[%clk 0:01:34]} 19. Qxd1 {[%clk 0:02:07]}  Rd8 {[%clk 0:01:27]} 20. Qe2 {[%clk 0:02:02]}  Qg6+ {[%clk 0:01:12]} 21. Kc1 {[%clk 0:01:59]}  Qxg2 {[%clk 0:01:10]} 22. Ne5 {[%clk 0:01:46]}  bxc5 {[%clk 0:01:04]} 23. Nxf7 {[%clk 0:01:27]}  Rf8 {[%clk 0:00:38]} 24. Nd6 {[%clk 0:01:21]}  Rxf2 {[%clk 0:00:34]} 25. Qxe6+ {[%clk 0:01:19]}  Kh7 {[%clk 0:00:35]} 26. Nxb7 {[%clk 0:01:09]}  Rc2+ {[%clk 0:00:33]} 27. Kb1 {[%clk 0:01:09]}  Rxb2+ {[%clk 0:00:33]} 28. Ka1 {[%clk 0:01:10]}  Rxb7 {[%clk 0:00:20]} 29. Re2 {[%clk 0:00:46]}  Qg1+ {[%clk 0:00:13]} 30. Re1 {[%clk 0:00:45]}  Qg2 {[%clk 0:00:13]} 31. Re2 {[%clk 0:00:45]}  Qf3 {[%clk 0:00:07]} 32. a4 {[%clk 0:00:37]}  Qxc3+ {[%clk 0:00:07]} 33. Ka2 {[%clk 0:00:36]}  Qf3 {[%clk 0:00:03]} 34. Qc4 {[%clk 0:00:35]}  Rb4 {[%clk 0:00:02]} 35. Qc2+ {[%clk 0:00:33]}  g6 {[%clk 0:00:01]} 36. Re7+ {[%clk 0:00:33]}  Kg8 {[%clk 0:00:02]} 37. Qxg6+ {[%clk 0:00:31]}  Kf8 {[%clk 0:00:01]} 38. Qg7# {[%clk 0:00:32]} 1-0

[Event "April 9 Late 2024"]
[Site "Chess.com"]
[Date "2024.04.09"]
[Round "2"]
[White "Weetik, Vjacheslav"]
[Black "Ferey, Antonin"]
[Result "1-0"]
[Board "68"]
[WhiteFideId "4153472"]
[BlackFideId "36051454"]
[WhiteTitle "FM"]
[BlackTitle "CM"]
[WhiteElo "2783"]
[BlackElo "2540"]
[WhiteTeam "RUS"]
[BlackTeam "FRA"]
[WhiteClock "0:00:21"]
[BlackClock "0:00:32"]
[Variant "Standard"]

1. d4 {[%clk 0:02:58]}  Nf6 {[%clk 0:02:59]} 2. Nf3 {[%clk 0:02:57]}  e6 {[%clk 0:02:59]} 3. c4 {[%clk 0:02:54]}  Bb4+ {[%clk 0:02:58]} 4. Bd2 {[%clk 0:02:54]}  Qe7 {[%clk 0:02:58]} 5. g3 {[%clk 0:02:49]}  Nc6 {[%clk 0:02:58]} 6. Nc3 {[%clk 0:02:49]}  Na5 {[%clk 0:02:56]} 7. b3 {[%clk 0:02:21]}  O-O {[%clk 0:02:51]} 8. a3 {[%clk 0:02:16]}  Bxa3 {[%clk 0:02:44]} 9. Nb5 {[%clk 0:02:02]}  Bb4 {[%clk 0:02:41]} 10. Rxa5 {[%clk 0:02:02]}  Bxa5 {[%clk 0:02:35]} 11. Bxa5 {[%clk 0:02:03]}  b6 {[%clk 0:02:34]} 12. Bd2 {[%clk 0:01:58]}  c6 {[%clk 0:02:35]} 13. Nc3 {[%clk 0:01:55]}  d5 {[%clk 0:02:33]} 14. Ne5 {[%clk 0:01:53]}  Bb7 {[%clk 0:02:32]} 15. Bg2 {[%clk 0:01:50]}  Nd7 {[%clk 0:02:32]} 16. Nd3 {[%clk 0:01:30]}  Ba6 {[%clk 0:02:21]} 17. cxd5 {[%clk 0:01:18]}  cxd5 {[%clk 0:02:21]} 18. O-O {[%clk 0:01:15]}  Rfc8 {[%clk 0:01:55]} 19. Qa1 {[%clk 0:01:14]}  Bxd3 {[%clk 0:01:52]} 20. exd3 {[%clk 0:01:15]}  Qf6 {[%clk 0:01:47]} 21. Be3 {[%clk 0:00:46]}  Nb8 {[%clk 0:01:46]} 22. Ne2 {[%clk 0:00:39]}  Nc6 {[%clk 0:01:45]} 23. Qa4 {[%clk 0:00:38]}  a5 {[%clk 0:01:38]} 24. h4 {[%clk 0:00:26]}  Nb4 {[%clk 0:01:37]} 25. Bg5 {[%clk 0:00:23]}  Qg6 {[%clk 0:01:35]} 26. Nf4 {[%clk 0:00:22]}  Qf5 {[%clk 0:00:37]} 27. Bh3 {[%clk 0:00:22]}  h6 {[%clk 0:00:37]} 28. Bxf5 {[%clk 0:00:22]}  hxg5 {[%clk 0:00:32]} 29. Nxe6 {[%clk 0:00:21]} 1-0